Bio-Medical Electronics and Instrumentation / (Record no. 32076)
[ view plain ]
| 000 -LEADER | |
|---|---|
| fixed length control field | 00493nam a22002057a 4500 |
| 003 - CONTROL NUMBER IDENTIFIER | |
| control field | Nust |
| 005 - DATE AND TIME OF LATEST TRANSACTION | |
| control field | 20210924111703.0 |
| 008 - FIXED-LENGTH DATA ELEMENTS--GENERAL INFORMATION | |
| fixed length control field | 170117b xxu||||| |||| 00| 0 eng d |
| 020 ## - INTERNATIONAL STANDARD BOOK NUMBER | |
| International Standard Book Number | 8189757466 |
| 038 ## - RECORD CONTENT LICENSOR | |
| Staff Name | khadija |
| 040 ## - CATALOGING SOURCE | |
| Transcribing agency | C |
| 082 ## - DEWEY DECIMAL CLASSIFICATION NUMBER | |
| Classification number | 610.28 |
| Author Mark | PAN |
| 100 ## - MAIN ENTRY--PERSONAL NAME | |
| Personal name | Pandey |
| 9 (RLIN) | 82704 |
| 245 ## - TITLE STATEMENT | |
| Title | Bio-Medical Electronics and Instrumentation / |
| Statement of responsibility, etc. | Pandey |
| 260 ## - PUBLICATION, DISTRIBUTION, ETC. | |
| Place of publication, distribution, etc. | New Dehli: |
| Name of publisher, distributor, etc. | S.K Kataria; |
| Date of publication, distribution, etc. | 2010. |
| 300 ## - PHYSICAL DESCRIPTION | |
| Extent | 380 p.; |
| 500 ## - GENERAL NOTE | |
| General note | paperback. |
| 563 ## - BINDING INFORMATION | |
| Binding note | PB |
| 942 ## - ADDED ENTRY ELEMENTS (KOHA) | |
| Koha item type | Book |
| Source of classification or shelving scheme | |
| Withdrawn status | Lost status | Source of classification or shelving scheme | Damaged status | Not for loan | Permanent Location | Current Location | Date acquired | Total Checkouts | Full call number | Barcode | Date last seen | Date last checked out | Price effective from | Koha item type | Public note | Shelving location | Total Renewals |
|---|---|---|---|---|---|---|---|---|---|---|---|---|---|---|---|---|---|
| School of Mechanical & Manufacturing Engineering (SMME) | School of Mechanical & Manufacturing Engineering (SMME) | 07/23/2015 | 2 | 610.28 PAN | SMME-693 | 12/15/2023 | 11/24/2023 | 07/23/2015 | Book | Rack,46-Shelf,4 | |||||||
| School of Mechanical & Manufacturing Engineering (SMME) | School of Mechanical & Manufacturing Engineering (SMME) | 07/24/2015 | 1 | 610.28 PAN | SMME-709 | 08/17/2021 | 07/06/2021 | 07/24/2015 | Book | Rack,46-Shelf,4 | General Stacks | 1 |
